000 00635nam a22001937a 4500
005 20251108175008.0
008 250721s2010 xx 000 0 ara d
082 1 4 _a657/مطر
100 1 _aمطر، محمد
_eمؤلف
245 1 0 _aالمحاسبة المتقدمة حالات وتطبيقات عملية في المشاكل المحاسبية المعاصرة /
264 1 _aعمان :
_bدار وائل للنشر،
_c2010.
300 _a420ص.
650 1 7 _aالمحاسبة
650 1 7 _aالمحاسبة
650 1 7 _aالنفقات
650 1 7 _aمحاسبة التكاليف
942 _2ddc
_cBK
999 _c123452
_d123452